The art of silver jewellery from the minorities of China, the golden triangle, mongolia and tibet (Record no. 26205)

MARC details
000 -LEADER
fixed length control field 00548nam a2200181Ia 4500
005 - DATE AND TIME OF LATEST TRANSACTION
control field 20240328152636.0
008 - FIXED-LENGTH DATA ELEMENTS--GENERAL INFORMATION
fixed length control field 231207s9999 xx 000 0 und d
020 ## - INTERNATIONAL STANDARD BOOK NUMBER
International Standard Book Number 9788876243837
040 ## - CATALOGING SOURCE
Transcribing agency NCA-PK
082 ## - DEWEY DECIMAL CLASSIFICATION NUMBER
Classification number 739.23
Item number BER
100 ## - MAIN ENTRY--PERSONAL NAME
Author Name Beringen, John ... [et al.]
245 #4 - TITLE STATEMENT
Title The art of silver jewellery from the minorities of China, the golden triangle, mongolia and tibet
260 ## - PUBLICATION, DISTRIBUTION, ETC.
Name of publisher, distributor, etc. Skira
Date of publication, distribution, etc. 2006
300 ## - PHYSICAL DESCRIPTION
Pages 238p
546 ## - LANGUAGE NOTE
Language note English
650 ## - SUBJECT ADDED ENTRY--TOPICAL TERM
Subject Silver Jewellery, Jewellery - China, Silver and Gold - History
942 ## - ADDED ENTRY ELEMENTS (KOHA)
Koha item type Reference(Not for Loan)
999 ## -
-- 26205
-- 26205
Holdings
Withdrawn status Weedout from Library Permanent Location Current Location Shelving location Date acquired Full call number Barcode Price effective from Koha item type
    NATIONAL COLLEGE OF ARTS, LAHORE - LIBRARY NATIONAL COLLEGE OF ARTS, LAHORE - LIBRARY   08/12/2023 739.23 BER 30606 08/12/2023 Book